Princesses and heroines / (Record no. 1804)

MARC details
000 -LEADER
fixed length control field 01567cam a2200385 a 4500
001 - CONTROL NUMBER
control field data
005 - DATE AND TIME OF LATEST TRANSACTION
control field 20260322212119.0
008 - FIXED-LENGTH DATA ELEMENTS--GENERAL INFORMATION
fixed length control field data
035 ## - SYSTEM CONTROL NUMBER
System control number 14017993
010 ## - LIBRARY OF CONGRESS CONTROL NUMBER
LC control number 2005048326
020 ## - INTERNATIONAL STANDARD BOOK NUMBER
International Standard Book Number 1596793392
020 ## - INTERNATIONAL STANDARD BOOK NUMBER
International Standard Book Number 9781596793392
040 ## - CATALOGING SOURCE
Original cataloging agency DLC
Transcribing agency DLC
Modifying agency DLC
042 ## - AUTHENTICATION CODE
Authentication code lcac
-- lcac
050 00 - LIBRARY OF CONGRESS CALL NUMBER
Classification number PN56.5.W64
Item number H36 2006
082 00 - DEWEY DECIMAL CLASSIFICATION NUMBER
Classification number 809/.933522
Edition information 22
100 1# - MAIN ENTRY--PERSONAL NAME
Personal name Hamilton, John,
Dates associated with a name 1959-
245 10 - TITLE STATEMENT
Title Princesses and heroines /
Statement of responsibility, etc. by John Hamilton.
260 ## - PUBLICATION, DISTRIBUTION, ETC.
Place of publication, distribution, etc. Edina, MN :
Name of publisher, distributor, etc. Abdo Pub.,
Date of publication, distribution, etc. c2006.
300 ## - PHYSICAL DESCRIPTION
Extent 32 p. :
Other physical details ill. (chiefly col.) ;
Dimensions 26 cm.
336 ## - CONTENT TYPE
Content type term text
Content type code txt
Source rdacontent
337 ## - MEDIA TYPE
Media type term unmediated
Media type code n
Source rdamedia
338 ## - CARRIER TYPE
Carrier type term volume
Carrier type code nc
Source rdacarrier
490 1# - SERIES STATEMENT
Series statement Fantasy and folklore
500 ## - GENERAL NOTE
General note Includes index.
650 #0 - SUBJECT ADDED ENTRY--TOPICAL TERM
Topical term or geographic name entry element Women in literature
Form subdivision Juvenile literature.
650 #0 - SUBJECT ADDED ENTRY--TOPICAL TERM
Topical term or geographic name entry element Princesses in literature
Form subdivision Juvenile literature.
650 #0 - SUBJECT ADDED ENTRY--TOPICAL TERM
Topical term or geographic name entry element Heroines in literature
Form subdivision Juvenile literature.
655 #7 - INDEX TERM--GENRE/FORM
Genre/form data or focus term Literature.
Source of term lcgft
Authority record control number or standard number https://id.loc.gov/authorities/genreForms/gf2014026415
800 1# - SERIES ADDED ENTRY--PERSONAL NAME
Personal name Hamilton, John,
Dates associated with a name 1959-
Title of a work Fantasy and folklore.
906 ## - LOCAL DATA ELEMENT F, LDF (RLIN)
a 7
b cbc
c orignew
d 1
e ocip
f 20
g y-gencatlg
925 0# -
-- acquire
-- 1 shelf copy
-- policy default
955 ## - COPY-LEVEL INFORMATION (RLIN)
-- lg22 2005-08-11
-- lg22 2005-08-11 to Dewey
-- lg08 2005-10-12
-- lg08 2005-10-14 c. 1 to BCCD
Holdings
Withdrawn status Lost status Damaged status Not for loan Home library Current library Shelving location Date acquired Total checkouts Full call number Barcode Date last seen Price effective from Koha item type
        Franklin Franklin General stacks 22/03/2026   809/.933522 LOC-FRL-00040 22/03/2026 22/03/2026 Books